| 000 | 01007pam a2200301 i 4500 | ||
|---|---|---|---|
| 001 | 1104 | ||
| 005 | 20231214102555.0 | ||
| 020 | _a9780545154178 | ||
| 040 |
_aDLC _cDLC _dDLC _beng |
||
| 050 | 0 | 0 |
_aPZ7.G8283 _bGe |
| 082 | 0 | 0 |
_a823.914 _219 |
| 100 | 1 |
_aGreene, Bette, _d1934- |
|
| 245 | 1 | 0 |
_aGet on out of here, Philip Hall / _cby Bette Greene. |
| 260 |
_aNew York : _bScholastic, _c1981 |
||
| 300 |
_a150 pages : _c20 cm _billustrations ; |
||
| 500 | _aSequel to: Philip Hall likes me I reckon maybe. | ||
| 500 | _aSequel: I've already forgotten your name, Philip Hall! | ||
| 505 | _aX | ||
| 520 | _aWhile trying to outdo Philip Hall, Beth learns an important but painful lesson about leadership. | ||
| 521 |
_a890
_bLexile |
||
| 521 |
_aX
_bRaz-Plus |
||
| 650 | 1 |
_aSelf-perception _vFiction. |
|
| 650 | 1 |
_aLeadership _vFiction. |
|
| 650 | 1 |
_aFriendship _vFiction. |
|
| 650 | 1 |
_aAfrican Americans _vFiction. |
|
| 906 |
_a7 _bcbc _corignew _du _eocip _f19 _gy-gencatlg |
||
| 942 |
_2ddc _cBK _n0 |
||
| 999 |
_c1104 _d1104 |
||